000 00520cam a2200193 4500
001 D4416
008 090401t1975 xxu||||| |||| 00| 0 eng d
035 _a(Sirsi) u406
041 _aeng
050 _a306.72
110 _aUnited Kingdom
_bDepartment of the Environment
_9982
245 _aDesign Bulletin 31 Housing for the elderly: the size of grouped schemes
260 _aLondon
_bHMSO
_c1975
300 _a36p. ill. 30cm
350 _a0.7
490 _aDesign Bulletin
_v31
942 _n0
948 _c04/03/1997
999 _c85551
_d85551